00762nam a2200157Ia 45000010005000000080041000052450167000462500035002132600079002483000020003275200139003475460011004866500034004976550026005317000047005576635260622s9999 xx 000 0 und d 0aشرق وغرب رجولة و أنوشة: bدراسة في أزمة الجنس والحضارة في الرواية العربية/ cجورج طرابيشي aالطبعة الثانية؛  aبيروت؛ bدار الطليعة للطباعة و النشر؛ c1997 a192p; c20x14cm aEast and West... Masculinity and Femininity: A Study of the Crisis of Gender and Civilization in the Arabic Novel/ Georges Tarabichi.  aArabic aPJ7501-8517 Arabic literature aArticles مقالات aTarabichi, Georges جورج طرابيشي